000 01110nam a22003497a 4500
003 CHAP
005 20220329141515.0
008 971013s r 00010 d
010 _a69258
011 _a70230
035 _a79711
040 _cCHAP
090 _aFolleto 12318
110 _aInstituto Superior de Ciencias Agropecuarias de la Habana
_959441
245 _aAvances de investigaciones agropecuarias
260 _aLa Habana :
_bEl Instituto,
_c198-
300 _av.
500 _a33-161
500 _aLa biblioteca tiene : 1987
590 _aBATCH-UPD
_b10
_c20130110
_lUCH01
_h0205
590 _aBATCH-UPD
_b10
_c20130110
_lUCH01
_h2132
590 _aBATCH-UPD
_b10
_c20130410
_lUCH01
_h1441
590 _aBATCH-UPD
_b10
_c20130913
_lUCH01
_h2049
590 _aCONVERSION
_b10
_c20130109
_lUCH01
_h1338
650 1 4 _aAgricultura
_xCuba.
_91390
650 1 4 _aAgricultura
_xInvestigacion
_xCuba.
_91609
650 1 4 _aGanadería
_xCuba.
_944681
650 1 4 _aGanadería
_xInvestigación
_xCuba.
_944774
901 _aBK
942 _cFOLL
949 _aFolleto 12318
_bBC
_cFOLL
_d-32600
_eTS1
_i79711
_mD
_si
999 _c69258
_d69258